Realita: Remeslo bez zlatého dna

Druhý rok duálneho vzdelávania na Slovensku. Systém duálneho vzdelávania na odborných školách. Stará myšlienka v novom šate. Minimálny záujem o učňovské školstvo. Slabá propagácia. Krátenie normatívu pre školu.

Salvato in:
Dettagli Bibliografici
Autore principale: Brezovský, Jozef
Natura: Capitolo di libro
Lingua:slovacco
Soggetti:
Tags: Aggiungi Tag
Nessun Tag, puoi essere il primo ad aggiungerne!!

MARC

LEADER 00000naa a2200000 4500
001 0223627
005 20231011074007.4
041 0 |a slo 
044 |a SK 
245 1 0 |a Realita: Remeslo bez zlatého dna  |c Jozef Brezovský 
520 |a Druhý rok duálneho vzdelávania na Slovensku. Systém duálneho vzdelávania na odborných školách. Stará myšlienka v novom šate. Minimálny záujem o učňovské školstvo. Slabá propagácia. Krátenie normatívu pre školu. 
610 2 0 |a vzdelávanie duálne 
610 2 0 |a školy stredné odborné 
610 2 0 |a školy učňovské 
610 2 0 |a financovanie 
610 2 0 |a teória a prax 
100 1 |a Brezovský, Jozef